| 000 | 01953nam a2200421 c 4500 | ||
|---|---|---|---|
| 999 |
_c194682 _d194682 |
||
| 003 | BLK | ||
| 005 | 20220401115338.0 | ||
| 008 | 180411b bul|||||r ||||||| ||bul|| | ||
| 010 | _aKNG00203914000 | ||
| 020 | _a978-954-27-1779-9 | ||
| 040 | _aBLK | ||
| 041 |
_aBUL _cBUL |
||
| 072 | 7 |
_2bullib _aН83 _xЧужда художествена литература Н |
|
| 080 |
_aАмериканска литература (на САЩ) _b821.111(73) _x-32 _z821.111(73)-32 |
||
| 080 |
_aБиопсихология. Поведение на растенията и животните. Сравнителна психология. Вж и 591.18 _b159.929 _x:636.7(0:82-32) _z159.929:636.7(0:82-32) |
||
| 080 |
_aКучета _b636.7 _x(0:82-32) _z636.7(0:82-32) |
||
| 100 | 1 |
_aМилан, Сизър _eпърви автор _9337004 |
|
| 139 |
_aМилан, Сизър и др. _bМ 55 |
||
| 245 | 1 | 0 |
_aУроци от глутницата _bИстории от кучетата, които промениха живота ми _cСизър Милан; съавт. Мелиса Джо Пелтие. |
| 257 | _aUSA | ||
| 260 |
_bЕгмонт България _c2014 |
||
| 300 |
_a232 с. _c21 см |
||
| 380 | _aX | ||
| 500 | _aОриг. загл. Cesar Millan's Lessons from the Pack. - За авторите. - 2 500 тир. - Библиогр. с. 227. | ||
| 650 | 4 |
_aКучета - поведение _9346743 |
|
| 650 | 4 |
_aЗоопсихология _9156120 |
|
| 653 | _aкучета | ||
| 653 | _aзоопсихология | ||
| 653 | _aповеденческа психология | ||
| 653 | _aразкази | ||
| 659 | _aН | ||
| 700 | 1 |
_aПелтие, Мелиса Джо _eсъавт. _9346742 |
|
| 852 | _aЦб 284859 | ||
| 856 | 4 | _qpdf | |
| 856 | 4 | _qpdf | |
| 942 |
_cKNG _n0 _02 _s1 |
||
| 944 |
_aCR _c27.03.2017 _lф / _kВиолета_Тройчева |
||
| 944 |
_aED _c29.03.2017 _lф / _kЛюдмила_Стоянова |
||
| 999 | _d194682 | ||
| 999 | _d194682 | ||